01672cam a22003378i 4500999001700000001000900017003000900026005001700035008004100052020003800093040003700131043001200168082002100180100003500201245015400236264006800390300002800458336002600486337002800512338002700540504005100567505031600618650004300934651006300977653002101040655002401061700004301085906004501128942001201173952014901185 c29241d2921220494791EG-ScBUE20210726094036.0180420s2019 enk f b 001 0 eng d a9781316612477 (pbk. : alk. paper) aIEN/DLCbengerdacIENdEG-ScBUE afb-----04a324.967bBLE2221 aBleck, Jaimie,d1980-eauthor.10aElectoral politics in Africa since 1995 :bcontinuity in change /cJaimie Bleck, University of Notre Dame, Nicolas van de Walle, Cornell University. 1aCambridge, United Kingdom :bCambridge University Press,c2019. axii, 331 pages ;c24 cm atext2rdacontentbtxt aunmediated2rdamediabn avolume2rdacarrierbnc aIncludes bibliographical references and index.0 aThe puzzle of electoral continuity -- The evolution of electoral competition, 1990-2015 -- The impact of elections on democracy -- Political parties and electoral competition -- Candidates and electoral campaigns -- Analyzing issues in presidential campaigns -- The African voter -- Do African elections matter? 7aElectionszAfrica, Sub-Saharan.2BUEsh 7aAfrica, Sub-SaharanxPolitics and governmenty1960-2BUEsh bBUSBOLcJuly2021 vReading book9342321 aVan de Walle, Nicolas,d1957-eauthor. a7bcbccorignewd1eecipf20gy-gencatlg 2ddccBB 00102ddc40708AcademicaMAINbMAINc1STd2021-07-26ePurchaseg530.00l0o324.967 BLEp000050409r2025-07-15 00:00:00v662.50w2021-07-26yBB